000 01103cam a2200385 i 4500
001 00466
003 DO-SdBNP
005 20221103125507.0
007
008 100514s 1999 sp a || 000 f spa
015 _a
017 _a
_b
020 _a8481301841
035 _a
040 _aBPMSU
_bspa
_cBPMSU
_e
080 _a
082 _a828.9943
_b S425i 1999
_222
100 1 _aScott, Walter
_d1771-1832
_4
245 1 0 _aIvanhoe /
_cWalter Scott ; traducción Guillen D. Efak ; prólogo Juan Eslava Galán
260 _aMadrid :
_bMilenium,
_c1999
300 _a446 p.:
_c22 cm
490 0 _aMilenium ;
_a Las 100 joyas del Milenium,
_v65
500 _a
521 _aPara jóvenes a partir de los 10 años.
590 _6Inventariado, 2022/VM
650 4 _aNovela escocesa
650 _a
651 4 _aEscocia
_xhistoria
_vNovela
700 1 _aEslava Galán, Juan
_e tr.
700 1 _aEfak, Guillen D.
_e pról.
910 _aVMateo V. /Validado
942 _2ddc
_cBK
945 _aInventariado extranjero / 2018 VM
956 _aVMATEO
_810
_c20160714
_2BPMSU
_300069
999 _c10878
_d10878